Logo biblioteca
Santa Fe 2917, Rosario, Santa Fe
Lu-Vi 8 a 19.45
+54-341-4232362
bibliotecaeudoro@gmail.com
Facebook Biblioteca Pedagógica
Sitio web

Las tierras flacas / (Registro nro. 32533)

Detalles MARC
000 -CABECERA
campo fijo de control de longitud 00734nam a2200229 4500
001 - NÚMERO DE CONTROL
campo de control 32533
003 - IDENTIFICADOR DEL NÚMERO DE CONTROL
campo de control AR-RoBPED
005 - FECHA Y HORADE LA ULTIMA TRANSACCION
campo de control 20260410155505.0
008 - ELEMENTOS DE LONGITUD FIJA--INFORMACION GENERAL
campo fijo de control de longitud 260408s1970 es ||||er|||| 001 1 spa d
040 ## - FUENTE CATALOGADORA
Centro catalogador/agencia de origen AR-RoBPED
041 ## - IDIOMA
Código de idioma para texto/pista de sonido o título independiente spa
100 ## - ENCABEZAMIENTO PRINCIPAL--AUTOR PERSONAL
Nombre de persona Yañez, Agustín
Fechas nac-muerte 1904-1980
9 (RLIN) 30655
245 14 - TITULO
Título Las tierras flacas /
Mención de responsabilidad Agustín Yañez; prólogo de Manuel Andujar .
260 ## - PUBLICACION
Lugar Estella :
Editor Salvat,
Fecha 1970.
300 ## - DESCRIPCION FISICA
Extensión 230 p.
490 0# - SERIE
Mención de serie (Biblioteca Básica Salvat ;
Designación de volumen o secuencia N° 47)
650 #4 - TERMINO DE MATERIA--CONTROLADO
Término controlado LITERATURA MEXICANA
9 (RLIN) 3638
Término controlado NOVELAS
9 (RLIN) 25
700 ## - ENCABEZAMIENTO SECUNDARIO--AUTOR PERSONAL
Nombre de persona Andújar, Manuel, seud.
Fecha de nac-muerte 1913-1994
9 (RLIN) 30656
Función prol.
942 ## - ELEMENTOS KOHA
Fuente de clasificación Universal Decimal Classification
Número Koha k. 32533
Koha tipo de ítem Libro
Clasificación 860(72)-31
Signatura librística Y 78
Inventario inv. 42325
945 ## - PROCESAMIENTO DE LA INFORMACIÓN LOCAL
Catalogador y fecha mm 08/04/2026 - cd 10/04/2026
Existencias
Estado retirado Estado perdido Fuente de clasificación Estado dañado No se presta Biblioteca propietaria Biblioteca de reserva Fecha de adquisición Procedencia Total de préstamos Signatura topográfica completa Código de barras (nº de inventario) Fecha visto por última vez Catalogador y fecha Tipo de ítem Koha Nota pública
    Universal Decimal Classification     Biblioteca Pedagógica Eudoro Díaz Biblioteca Pedagógica Eudoro Díaz 27/03/2026 Donación   860(72)-31 Y 78 42325 08/04/2026 mm 08/04/2026 Libro Se presta 15 días.